00499nam a2200193 a 4500001001300000003000900013005001700022008004100039020001000080082001500090100001600105245003400121260004500155300000900200500003500209505001000244650003500254700001600289nice12345678IN_TiNIC20260116011349.0050524s1936 para grp 000 0 fre  ac10000a235.2bBOU aBouthoul, B aLe Grand Maitre Des Assassins aParisbLibrairie Aristide Quillet c1936 a231p aincludes index and biblioraphy2 aIndex aSaints-Christianity-St.Francis1 aBouthoul, B